LEADER 01223nam a2200301 i 4500 001 991002571649707536 005 20020508202509.0 008 950503s1995 it ||| | ita 020 $a8831758136 035 $ab11029481-39ule_inst 035 $aPARLA165226$9ExL 040 $aDip.to Filosofia$bita 100 1 $aDunn, John$0115364 245 13$aLa democrazia :$bstoria di un'idea politica dal 6. secolo a.C. a oggi /$ca cura di John Dunn ; prefazione di Lorenzo Ornaghi 260 $aVenezia :$bMarsilio,$c1995 300 $a329 p. ;$c21 cm. 490 0 $aSaggi [Marsilio]. Storia e scienze sociali 650 4$aDemocrazia 650 4$aDemocrazia$xStoria$ySec. V a.C.-XX 700 1 $aOrnaghi, Lorenzo 740 0 $aDemocracy $bthe unfinishedjourney, 508 BG to AD 1993 907 $a.b11029481$b23-02-17$c28-06-02 912 $a991002571649707536 945 $aLE007 321 DUN 01.01$g1$i2015000126917$lle007$nLE007 2015 CC$o-$pE0.00$q-$rl$s- $t0$u0$v0$w0$x0$y.i11150397$z28-06-02 945 $aLE005 MF 6 M 2$g1$i2005000256943$lle005$o-$pE0.00$q-$rl$s- $t0$u2$v1$w2$x0$y.i11150385$z28-06-02 996 $aDemocrazia$9862789 997 $aUNISALENTO 998 $ale007$ale005$b01-01-95$cm$da $e-$fita$git $h3$i2